LEADER 01366nam0 2200325 450 001 000045233 005 20180927153654.0 100 $a20180926d1936----km-y0itaa50------ba 101 0 $aita 102 $aIT 200 1 $a<> concimi nel commercio e nella pratica agricola$fF. Ragazzoni 205 $a2. ed. riveduta ed ampliata 210 $aRoma$cRamo editoriale degli agricoltori$d1936 215 $a61 p.$cill.$d21 cm 225 2 $aBiblioteca per l'insegnamento agrario professionale 300 $aL. 2.50 316 $aLegato con altri volumi 316 $aSul dorso del volume rilegato: Biblioteca per l'insegnamento agrario 410 0$12001$aBiblioteca per l'insegnamento agrario professionale 606 1 $aConcimi 676 $a631.8$v(22. ed.)$9Concimi, ammendamenti, regolatori di accrescimento 700 1$aRagazzoni,$bFerruccio$0759542 801 0$aIT$bUniversità della Basilicata - B.I.A.$gREICAT$2unimarc 912 $a000045233 996 $aConcimi nel commercio e nella pratica agricola$91535555 997 $aUNIBAS CAT $aSTD119$b01$c20180926$lBAS01$h1827 CAT $aTTM$b30$c20180927$lBAS01$h1536 FMT Z30 -1$lBAS01$LBAS01$mBOOK$1BASA2$APolo Tecnico-Scientifico$2FVIG$BFondo Viggiani$3FVig/43572$643572H5$5T43572H5$7Collocato presso la Scuola di Agraria$820180926$f35$FStanza riservata$hRilegato con altri volumi